000 02027cam a22005534i 4500
003 PE-LiUPU
005 20250731165503.0
008 150528s2014 sp a rb 000 0 spa d
020 _a9788428398251
035 _a(Sirsi) i9788428398251
040 _aPE-LiUPU
_bspa
_cPE-LiUPU
_erda
049 _aPRUA
082 0 4 _a005.756
_bP59
_220
100 1 _aPiñeiro Gómez, José Manuel,
_eautor.
245 1 0 _aDiseño de bases de datos relacionales :
_bUF2175 /
_cJosé Manuel Piñeiro Gómez.
264 1 _a[España]:
_bParaninfo,
_c[2014].
300 _axv, 147 páginas :
_bilustraciones ;
_c25 centímetros
336 _atext
_2rdacontent
337 _aunmediated
_2rdamedia
338 _avolume
_2rdacarrier
490 0 _aTransversal
504 _aBibliografía : página 147.
505 0 _aIntroducción a las bases de datos -- Modelos conceptuales de bases de datos -- El modelo relacional -- El ciclo de vida de un proyecto -- Creación y diseño de bases de datos.
526 _aSEG44
526 _aSEG26
526 _aP151
526 _aP150
526 _aP149
526 _aP146
526 _aP145
526 _aP126
526 _aP125
526 _aP92
526 _aP75
526 _aP74
526 _aP27
526 _aP15
541 _g043-0014410;
650 4 _aAdministración de bases de datos.
650 4 _aBases de datos relacionales.
650 4 _aDiseño de bases de datos.
650 7 _aSistemas de gestión de bases de datos.
_2embne
_95139
910 _acce
_bjvq
_ccce
_d20150528
942 _2ddc
_cBOOK
949 _a005.756 P59
_wDEWEY
_c1
_i71132
_lCCODEBUL1
_mBUL
_p18.70
_r0
_sY
_tBOOK
_u2015-5-28
_xINGENIERIA
_PP27
_0COMPRA
_o.STAFF. Colección General
994 _aC0
_bPEPRU
596 _a1
999 _a005.756 P59
_wDEWEY
_c23299
_i71132
_d23299
_e2019-4-8
_f2022-4-11
_g7
_lCCODEBUL1
_mBUL
_n3
_p18.70
_q1
_r1
_sY
_tBOOK
_u2015-5-28
_xINGENIERIA
_PP27
_0COMPRA
_o.STAFF. Colección General
980 _81
_gALBERTO SANCHEZ Responsable de Automatización